[Event "CHN-chT"]
[Site "China"]
[Date "2013.12.21"]
[Round "19.2"]
[White "Wu, Mengxian"]
[Black "Guo, Qi"]
[Result "0-1"]
[WhiteElo "1824"]
[BlackElo "2439"]
[PlyCount "92"]
[EventDate "2013.04.30"]
[EventType "team-tourn"]
[EventRounds "22"]
[EventCountry "CHN"]
[SourceTitle "EXT 2015"]
[Source "ChessBase"]
[SourceDate "2014.11.20"]
[SourceVersion "1"]
[SourceVersionDate "2014.11.20"]
[SourceQuality "1"]
[WhiteTeam "Qinhuangdao"]
[BlackTeam "Jiangsu"]
[WhiteTeamCountry "CHN"]
[BlackTeamCountry "CHN"]

1. d4 Nf6 2. Nf3 e6 3. c4 b6 4. Nc3 Bb7 5. Bg5 Be7 6. e3 0-0 7. Bd3 c5 8. 0-0 cxd4 9. Nxd4 Nc6 10. Be2 Ne5 11. Bf4 d6 12. Bxe5 dxe5 13. Nb3 Qc7 14. Nb5 Qc6 15. Bf3 Qxc4 16. Bxb7 Rad8 17. N5d4 exd4 18. Rc1 Qb5 19. exd4 a5 20. Bc6 Qg5 21. Qe2 Bd6 22. g3 Bb8 23. Qb5 Qxb5 24. Bxb5 Rd6 25. Rc4 Nd5 26. Rfc1 Rfd8 27. a3 Ne7 28. a4 g5 29. Ba6 Kg7 30. g4 h5 31. h3 Rh8 32. Bb7 hxg4 33. hxg4 Rdd8 34. Bf3 Rh4 35. R1c3 f5 36. gxf5 exf5 37. Re3 Kf6 38. Kf1 Bd6 39. Nc1 Bf4 40. Rxe7 Kxe7 41. Ne2 Be5 42. Rc6 Bxd4 43. Nxd4 Rhxd4 44. Rxb6 Rxa4 45. Rb5 g4 46. Be2 Kf6 0-1

[Event "CHN-chT"]
[Site "China"]
[Date "2013.10.13"]
[Round "14.3"]
[White "Ding, Yixin"]
[Black "Wu, Mengxian"]
[Result "1-0"]
[WhiteElo "2427"]
[BlackElo "1824"]
[PlyCount "115"]
[EventDate "2013.04.30"]
[EventType "team-tourn"]
[EventRounds "22"]
[EventCountry "CHN"]
[SourceTitle "EXT 2014"]
[Source "ChessBase"]
[SourceDate "2013.11.20"]
[SourceVersion "1"]
[SourceVersionDate "2013.11.20"]
[SourceQuality "1"]
[WhiteTeam "Zhejiang"]
[BlackTeam "Qinhuangdao"]
[WhiteTeamCountry "CHN"]
[BlackTeamCountry "CHN"]

1. Nf3 Nf6 2. g3 d5 3. Bg2 Bf5 4. 0-0 e6 5. d3 h6 6. Nbd2 Be7 7. Ne5 Nbd7 8. Nxd7 Nxd7 9. e4 dxe4 10. dxe4 Bg6 11. Qe2 0-0 12. Rd1 Qc8 13. Nc4 a5 14. a4 Nb8 15. Bf4 Nc6 16. Rd2 Bf6 17. Bh3 Rd8 18. Rad1 Rd4 19. Rxd4 Nxd4 20. Qd3 Bh5 21. g4 Bg6 22. Be5 Nc6 23. Bxf6 gxf6 24. f4 Nb4 25. Qe2 Qe8 26. f5 Bh7 27. b3 b6 28. Qd2 Kg7 29. e5 Qe7 30. Qd7 Re8 31. exf6+ Kxf6 32. fxe6 fxe6 33. Qd4+ e5 34. Qf2+ Kg7 35. Ne3 Rd8 36. Re1 Kh8 37. Rf1 Nd5 38. Nxd5 Rxd5 39. Bg2 Rd4 40. Qe2 Qd6 41. Rf2 Bg6 42. h4 Rd1+ 43. Bf1 Rd4 44. Bg2 Rd1+ 45. Kh2 Kg7 46. h5 Be8 47. Be4 Rc1 48. Qf3 Qe7 49. Qf5 Qh4+ 50. Kg2 Qh1+ 51. Kg3 Rg1+ 52. Bg2 Rxg2+ 53. Rxg2 Qe1+ 54. Rf2 Qg1+ 55. Kf3 Qd1+ 56. Re2 Bc6+ 57. Kf2 Qd4+ 58. Ke1 1-0

[Event "Kuala Lumpur op 10th"]
[Site "Kuala Lumpur"]
[Date "2013.08.12"]
[Round "4"]
[White "Wu, Mengxian"]
[Black "Muminova, Nafisa"]
[Result "0-1"]
[WhiteElo "1824"]
[BlackElo "2321"]
[PlyCount "62"]
[EventDate "2013.08.10"]
[EventType "swiss"]
[EventRounds "9"]
[EventCountry "MAS"]
[SourceTitle "CBM 156 Extra"]
[Source "ChessBase"]
[SourceDate "2013.10.22"]
[SourceVersion "1"]
[SourceVersionDate "2013.10.22"]
[SourceQuality "1"]

1. d4 Nf6 2. c4 e6 3. Nc3 Bb4 4. Qc2 0-0 5. a3 Bxc3+ 6. Qxc3 b6 7. Nf3 c5 8. dxc5 bxc5 9. Bg5 d6 10. e3 Nbd7 11. Bd3 Qb6 12. 0-0 Bb7 13. Qc2 Rab8 14. Rab1 a5 15. Rfd1 Bc6 16. b3 Qb7 17. Ne1 Rfc8 18. f3 Qc7 19. Qd2 Rb7 20. Nc2 Rcb8 21. b4 cxb4 22. axb4 Ba4 23. b5 Ne5 24. Rdc1 Bxc2 25. Rxc2 Nfd7 26. Be7 Nxd3 27. Qxd3 Nc5 28. Bxd6 Nxd3 29. Bxc7 Rxc7 30. b6 Rc6 31. Rd2 Nc5 0-1

[Event "CHN-chT"]
[Site "China"]
[Date "2013.08.05"]
[Round "10.1"]
[White "Wu, Mengxian"]
[Black "Munguntuul, Batkhuyag"]
[Result "0-1"]
[WhiteElo "1824"]
[BlackElo "2436"]
[PlyCount "86"]
[EventDate "2013.04.30"]
[EventType "team-tourn"]
[EventRounds "22"]
[EventCountry "CHN"]
[SourceTitle "EXT 2014"]
[Source "ChessBase"]
[SourceDate "2013.11.20"]
[SourceVersion "1"]
[SourceVersionDate "2013.11.20"]
[SourceQuality "1"]
[WhiteTeam "Qinhuangdao"]
[BlackTeam "Guangdong"]
[WhiteTeamCountry "CHN"]
[BlackTeamCountry "CHN"]

1. d4 Nf6 2. c4 c5 3. d5 g6 4. Nc3 d6 5. Nf3 Bg7 6. Bf4 0-0 7. h3 a6 8. e3 Qa5 9. Qd2 Bd7 10. Bd3 b5 11. 0-0 bxc4 12. Bxc4 Bb5 13. Qd3 Bxc4 14. Qxc4 Nbd7 15. e4 Rfb8 16. Qe2 Nh5 17. Bg5 Ne5 18. Rab1 Nxf3+ 19. Qxf3 Ra7 20. Qe2 Rab7 21. Qc2 Be5 22. g3 Nf6 23. Bh6 Nd7 24. Bd2 c4 25. Na4 Qb5 26. Rfc1 Bd4 27. Bf4 Nc5 28. Nxc5 Qxc5 29. b3 cxb3 30. axb3 Qxc2 31. Rxc2 Rxb3 32. Rxb3 Rxb3 33. Kf1 a5 34. Rc7 Kf8 35. Bg5 f6 36. Rc8+ Kg7 37. Bd2 Rb2 38. Bxa5 Rxf2+ 39. Ke1 Rf3 40. Rc4 Be5 41. Bd8 Kf7 42. Ke2 Rxg3 43. Rc7 Ke8 0-1